000 00425nam a2200157Ia 4500
003 GCL
008 140319s9999 xx 000 0 eng d
040 _aGCL /
_cGCL
082 0 4 _a025.2
_bS O \\=aSHARMA, J.S.v
245 1 0 _aORGANIZATION AND DEVELOPMENT OF LIBRARIES
260 _a[S.N] :
_bKANISHRA PUBLISHING HOUSE ،
_c1995
300 _a414 P
650 0 4 _aLIBRARY
650 0 4 _aLIBRARY - ACQUISTION
942 _2ddc
_cBK
999 _c11503
_d11503